Foundation Design Simply Explained (Record no. 13027)
[ view plain ]
| 000 -LEADER | |
|---|---|
| fixed length control field | 00216nam a2200097 4500 |
| 082 ## - DEWEY DECIMAL CLASSIFICATION NUMBER | |
| Classification number | FAB |
| 100 ## - MAIN ENTRY--AUTHOR NAME | |
| Personal name | Fabr, John |
| 245 ## - TITLE STATEMENT | |
| Title | Foundation Design Simply Explained |
| 260 ## - PUBLICATION, DISTRIBUTION, ETC. (IMPRINT) | |
| Place of publication | London: |
| Name of publisher | Oxford University, |
| 942 ## - ADDED ENTRY ELEMENTS (KOHA) | |
| Koha item type | Books |
| Withdrawn status | Lost status | Home library | Current library | Date acquired | Cost, normal purchase price | Full call number | Koha item type |
|---|---|---|---|---|---|---|---|
| Central Library, QUEST, Nawabshah | Book Bank Section | 13/04/2015 | 88.00 | FAB | Books |